[Event "Tournoi Skype 025A"]
[Site "Skype"]
[Date "????.??.??"]
[Round "3.27"]
[White "Leyton Calderon, Jairo Oswaldo"]
[Black "Ram, Madhukesh"]
[Result "1-0"]
[WhiteElo "1624"]
[BlackElo "1475"]
[PlyCount "94"]

1. Nf3 Nf6 2. b3 Nc6 3. Bb2 d5 4. e3 Bg4 5. Be2 e6 6. O-O Bd6 7. d4 O-O 8. Nbd2
Re8 9. c4 Bxf3 10. Nxf3 e5 11. cxd5 Nxd5 12. dxe5 Bxe5 13. Nxe5 Nxe5 14. Qd4
Nf6 15. Rfd1 Qxd4 16. Rxd4 Nc6 17. Rd2 Ne4 18. Rd7 Re7 19. Rad1 Rae8 20. Bb5
Nc5 21. Rxe7 Rxe7 22. Bxc6 h6 23. Bf3 b6 24. Kf1 Ne6 25. b4 Ng5 26. Bd5 Kh8 27.
h4 Nh7 28. Bb3 Nf6 29. Ke2 Ne4 30. Rd8+ Kh7 31. Bc2 f5 32. f3 Nd6 33. g4 Kg6
34. gxf5+ Nxf5 35. Bd4 Rf7 36. Rd5 c6 37. Rd6+ Kh5 38. Bxf5 Rxf5 39. Bxg7 Kxh4
40. Rxh6+ Kg5 41. Rxc6 Rf7 42. Bd4 Kf5 43. a4 Rh7 44. Rf6+ Kg5 45. a5 Rh2+ 46.
Kd3 bxa5 47. bxa5 Ra2 1-0

[Event "Tournoi Skype 025A"]
[Site "Skype"]
[Date "????.??.??"]
[Round "3.28"]
[White "Thoune, Jim"]
[Black "Legueltel, Daniel"]
[Result "0-1"]
[WhiteElo "1600"]
[BlackElo "1528"]
[PlyCount "92"]

1. Nf3 d5 2. d4 e6 3. c3 Nf6 4. Bg5 Be7 5. Nbd2 O-O 6. e4 Nxe4 7. Nxe4 dxe4 8.
Bxe7 Qxe7 9. Nd2 f5 10. Bc4 Nd7 11. a3 Nf6 12. O-O b6 13. Qc2 Bb7 14. h3 Rad8
15. Rfe1 Bd5 16. Qa4 Qd6 17. Be2 Kh8 18. Nc4 Bxc4 19. Bxc4 Nd5 20. Bxd5 exd5
21. f4 Rf6 22. h4 Rg6 23. Kf2 Rg4 24. g3 h6 25. Rh1 h5 26. Rh3 Rc8 27. Rc1 c5
28. Rhh1 Rg6 29. Kg2 cxd4 30. cxd4 Rxc1 31. Rxc1 Qe7 32. Kh3 Re6 33. Rc8+ Kh7
34. Qb3 Qd7 35. Rc3 Rc6 36. Rxc6 Qxc6 37. Qd1 g6 38. Qd2 Qc4 39. Kg2 Qb3 40.
Qc3 Qxc3 41. bxc3 b5 42. Kf2 Kg7 43. Ke2 Kf7 44. Kd2 Ke7 45. Kc2 Kd6 46. Kb3
Kc6 0-1

[Event "Tournoi Skype 025A"]
[Site "Skype"]
[Date "????.??.??"]
[Round "3.29"]
[White "Bankhede, Shivkumar"]
[Black "L'Herbon De Lussats, Jean"]
[Result "0-1"]
[WhiteElo "1287"]
[BlackElo "1661"]
[PlyCount "90"]

1. d4 Nf6 2. c4 g6 3. Nf3 Bg7 4. Nc3 O-O 5. e3 c6 6. Bd3 d5 7. Qc2 Be6 8. Ne5
Nbd7 9. O-O c5 10. cxd5 Nxd5 11. Nf3 cxd4 12. Nxd4 Bg4 13. Nxd5 Ne5 14. Nb4 a5
15. f4 Rc8 16. Qb3 Nd7 17. Nbc2 Nc5 18. Qb5 Bd7 19. Qc4 Na6 20. Qd5 e6 21. Qd6
Nc5 22. Ne1 b6 23. Be2 Re8 24. Nd3 f6 25. Bd2 Bf8 26. Nxe6 Rxe6 27. Qd5 Bc6 28.
Qxd8 Rxd8 29. Nxc5 Bxc5 30. Rfd1 Red6 31. Bc3 Bxe3+ 32. Kh1 Bxf4 33. Bxf6 Re8
34. Bc4+ Kf8 35. Rxd6 Bxd6 36. Rf1 Re4 37. Be5+ Ke7 38. Bxd6+ Kxd6 39. Rf6+ Kc5
40. Bf1 Re1 41. h3 Be4 42. Kh2 Bf5 43. Rf7 Rxf1 44. Rxh7 Rf2 45. Kg3 Rxb2 0-1

[Event "Tournoi Skype 025A"]
[Site "Skype"]
[Date "????.??.??"]
[Round "3.32"]
[White "Ramirez Reina, Orlando"]
[Black "Gharbi, Said"]
[Result "0-1"]
[WhiteElo "1527"]
[BlackElo "1607"]
[PlyCount "26"]

1. e4 e5 2. Nf3 Nf6 3. Nxe5 Bd6 4. Nf3 Nxe4 5. d4 Qe7 6. Qe2 O-O 7. Be3 Re8 8.
c4 Bb4+ 9. Nbd2 b6 10. a3 Bxd2+ 11. Nxd2 Ba6 12. Qd1 Nxf2 13. Kxf2 Qxe3# 0-1

[Event "Tournoi Skype 025A"]
[Site "Skype"]
[Date "????.??.??"]
[Round "3.33"]
[White "Alvarez, Juan Evangelista"]
[Black "Aranzubia, Desiderio"]
[Result "0-1"]
[WhiteElo "1591"]
[BlackElo "1525"]
[PlyCount "62"]

1. e4 c5 2. Bc4 a6 3. Nf3 Nc6 4. d4 cxd4 5. Nxd4 Qc7 6. O-O e6 7. Nc3 Nf6 8.
Nxc6 Qxc6 9. Bd3 b5 10. e5 Nd5 11. Be4 Bb7 12. Ne2 Qc7 13. f4 Bc5+ 14. Kh1 Ne3
15. Bxe3 Bxe4 16. Bxc5 Qxc5 17. Nd4 Rd8 18. c3 O-O 19. Qe2 Bb7 20. f5 exf5 21.
Nxf5 Rde8 22. Rae1 Re6 23. Rf4 Rfe8 24. Qh5 Qf8 25. Rg4 Rg6 26. Rxg6 fxg6 27.
Qd1 gxf5 28. Qxd7 Be4 29. Qd6 Qxd6 30. Kg1 Rxe5 31. h4 Qd7 0-1

[Event "Tournoi Skype 025A"]
[Site "Skype"]
[Date "????.??.??"]
[Round "3.34"]
[White "Chavero, Victor"]
[Black "Mordaa, Ahmad"]
[Result "1/2-1/2"]
[WhiteElo "1525"]
[BlackElo "1563"]
[PlyCount "106"]

1. d4 e5 2. Nf3 exd4 3. Qxd4 Nc6 4. Qe4+ Be7 5. e3 Nf6 6. Qd3 d5 7. Be2 O-O 8.
O-O Re8 9. a3 Ne4 10. b3 Nc5 11. Qd2 Bf6 12. Ra2 Ne4 13. Qd1 Qe7 14. Qxd5 Rd8
15. Qc4 Bg4 16. Nbd2 Nxd2 17. Nxd2 Be6 18. Qe4 Rd7 19. Bd3 g6 20. Nf3 Qf8 21.
Nd4 Bd5 22. Qg4 Ne5 23. Qh3 Nxd3 24. Qxd7 Rd8 25. Qxc7 Be5 26. Qa5 b6 27. Qd2
Nxc1 28. Rxc1 Qh6 29. Nf3 Bxf3 30. Qxd8+ Kg7 31. h4 Bf6 32. Qd6 Bxh4 33. Qh2
Bxf2+ 34. Kh1 Qxe3 35. Rf1 Qe2 36. Rxf2 Qxf2 37. gxf3 Qxf3+ 38. Qg2 Qh5+ 39.
Kg1 Qd1+ 40. Qf1 Qg4+ 41. Qg2 Qd1+ 42. Kh2 Qh5+ 43. Kg3 Qg5+ 44. Kf2 Qd2+ 45.
Kg1 Qe1+ 46. Kh2 Qh4+ 47. Qh3 Qf2+ 48. Kh1 Qe1+ 49. Kg2 Qe2+ 50. Kg1 Qe1+ 51.
Kg2 Qe2+ 52. Kg3 Qe3+ 53. Kh2 Qf2+ 1/2-1/2

[Event "Tournoi Skype 025A"]
[Site "Skype"]
[Date "????.??.??"]
[Round "3.35"]
[White "Grib, Johannes"]
[Black "Junqueira, Leonardo De Faria"]
[Result "1-0"]
[WhiteElo "1500"]
[BlackElo "1560"]
[PlyCount "63"]

1. d4 c5 2. Nf3 Nf6 3. c3 e6 4. Nbd2 cxd4 5. Nxd4 Bc5 6. N2b3 Bb6 7. e4 Nxe4 8.
Qg4 d5 9. Nd2 Nxd2 10. Bxd2 Qf6 11. Be2 Nc6 12. Be3 Nxd4 13. Bxd4 e5 14. Bb5+
Kf8 15. Qe2 Bxd4 16. cxd4 e4 17. Qd2 Qe7 18. O-O Bd7 19. Bxd7 Qxd7 20. Rac1 Rc8
21. Qb4+ Ke8 22. Rxc8+ Qxc8 23. Qd6 Qd7 24. Qb8+ Qd8 25. Qxb7 h5 26. Rc1 Qd7
27. Qb8+ Ke7 28. Qxh8 Qb7 29. Qxg7 Qxb2 30. Qe5+ Kd8 31. Qd6+ Ke8 32. Rc8# 1-0

[Event "Tournoi Skype 025A"]
[Site "Skype"]
[Date "????.??.??"]
[Round "3.36"]
[White "Salazar Ticeran, Antonio"]
[Black "Bhandari, Dattatrey"]
[Result "1-0"]
[WhiteElo "1558"]
[BlackElo "1450"]
[PlyCount "25"]

1. e4 e5 2. Nf3 Nc6 3. Bc4 Nf6 4. d3 h6 5. Nc3 Na5 6. Nxe5 Nxc4 7. Nxc4 Bb4 8.
Bd2 Bc5 9. Qe2 d6 10. O-O-O Bb4 11. Nd5 b5 12. Bxb4 bxc4 13. Nxf6+ 1-0

[Event "Tournoi Skype 025A"]
[Site "Skype"]
[Date "????.??.??"]
[Round "4.1"]
[White "Martinez Quintero, Javier"]
[Black "Benson, Paul"]
[Result "0-1"]
[WhiteElo "1821"]
[BlackElo "2082"]
[PlyCount "88"]

1. d4 f5 2. Nd2 Nf6 3. e3 g6 4. Bd3 Bg7 5. Ne2 d6 6. O-O Nc6 7. c3 O-O 8. e4 e5
9. exf5 gxf5 10. f3 Kh8 11. Ng3 Nd5 12. Nb3 exd4 13. cxd4 Nxd4 14. Bxf5 Nxf5
15. Qxd5 Nxg3 16. hxg3 c6 17. Qh5 Qf6 18. g4 Be6 19. g5 Qf5 20. g4 Qd3 21. g6
Qxg6 22. Qxg6 hxg6 23. Nd2 Bd4+ 24. Kg2 Kg7 25. Ne4 d5 26. Nc3 b5 27. Ne2 Bb6
28. b4 Rad8 29. Rh1 Rh8 30. Bb2+ d4 31. Rxh8 Kxh8 32. Rd1 Bxa2 33. Bxd4+ Kg8
34. Ra1 Bxd4 35. Rxa2 Be3 36. Ra6 Rd2 37. Kf1 Bb6 38. Ra3 Rc2 39. Rd3 c5 40.
Rd6 cxb4 41. Rxg6+ Kf7 42. Rd6 b3 43. Rd3 b2 44. Rb3 Rc1+ 0-1

[Event "Tournoi Skype 025A"]
[Site "Skype"]
[Date "????.??.??"]
[Round "4.2"]
[White "Pena, Eduin"]
[Black "Prasath, Malola"]
[Result "0-1"]
[WhiteElo "1811"]
[BlackElo "2042"]
[PlyCount "160"]

1. d4 Nc6 2. Nf3 d6 3. e3 Bg4 4. c3 Nf6 5. Bc4 e5 6. Qb3 d5 7. Qxb7 Nxd4 8.
cxd4 dxc4 9. Qc6+ Bd7 10. Qxc4 exd4 11. Qxd4 Bd6 12. O-O O-O 13. b3 Re8 14. Bb2
Re4 15. Qd1 Bc6 16. Qc2 Bb7 17. h3 a5 18. Nbd2 Re8 19. Rfd1 Qe7 20. Rac1 Ne4
21. Nc4 Bb4 22. a3 Bc5 23. Nce5 Bd6 24. Nc4 Ng5 25. Nxg5 Qxg5 26. f4 Qg3 27.
Qf2 Qg6 28. Nxd6 cxd6 29. Rd4 Rxe3 30. f5 Qxg2+ 31. Qxg2 Bxg2 32. Rg4 Bxh3 33.
Rxg7+ Kf8 34. Rxh7 Ke7 35. Kf2 Bxf5 36. Rc7+ Kd8 37. Rhxf7 Re4 38. Bf6+ Ke8 39.
Rg7 Be6 40. Rce7+ Kf8 41. Bg5 Bxb3 42. Bh6 Rxe7 43. Rh7+ Ke8 44. Rh8+ Kd7 45.
Rxa8 Re6 46. Bd2 a4 47. Bb4 d5 48. Ra7+ Ke8 49. Ra8+ Kf7 50. Rf8+ Kg6 51. Rg8+
Kf5 52. Rf8+ Ke4 53. Rf3 d4 54. Rh3 Rf6+ 55. Ke1 Bc4 56. Rh4+ Kd3 57. Rh3+ Kc2
58. Rh2+ Kc1 59. Bd2+ Kb1 60. Bb4 Rf1+ 61. Kd2 Bb3 62. Kd3 Rd1+ 63. Ke4 Bc2+
64. Kf3 Rd3+ 65. Kf2 Kb2 66. Kf1 Rf3+ 67. Ke1 Re3+ 68. Re2 Rf3 69. Rd2 Rf4 70.
Rf2 Rg4 71. Rd2 Kb3 72. Kf2 Rf4+ 73. Ke1 d3 74. Rf2 Rxb4 75. axb4 a3 76. Rf7
Kxb4 77. Rb7+ Kc3 78. Rc7+ Kb2 79. Rb7+ Kc1 80. Ra7 d2+ 0-1

[Event "Tournoi Skype 025A"]
[Site "Skype"]
[Date "????.??.??"]
[Round "4.3"]
[White "Dal, Ibrahim"]
[Black "Deville, Olivier"]
[Result "0-1"]
[WhiteElo "1803"]
[BlackElo "1850"]
[PlyCount "72"]

1. d4 Nf6 2. Nf3 e6 3. c4 Bb4+ 4. Bd2 Qe7 5. g3 Nc6 6. Bg2 Bxd2+ 7. Nbxd2 d6 8.
O-O O-O 9. e4 e5 10. d5 Nb8 11. b4 a5 12. a3 Na6 13. Ne1 Bd7 14. Nd3 c6 15. Rb1
axb4 16. axb4 cxd5 17. cxd5 Nc7 18. Qc2 Nb5 19. Nc4 Na3 20. Nxa3 Rxa3 21. b5
Rc8 22. Qe2 Qe8 23. Rfc1 Rxc1+ 24. Nxc1 Qc8 25. Qb2 Rc3 26. Na2 Rc2 27. Qb3 Qc5
28. Rf1 Bxb5 29. Nb4 Rc3 30. Qb1 Bxf1 31. Bxf1 Rc1 32. Qb2 Qc4 33. Nd3 Rxf1+
34. Kxf1 Qxd3+ 35. Kg1 b5 36. f3 Qd4+ 0-1

[Event "Tournoi Skype 025A"]
[Site "Skype"]
[Date "????.??.??"]
[Round "4.4"]
[White "Mayor Martinez, Juan Jose"]
[Black "Grosso, Raul"]
[Result "1/2-1/2"]
[WhiteElo "1850"]
[BlackElo "1847"]
[PlyCount "100"]

1. c4 Nf6 2. Nc3 g6 3. e3 Bg7 4. d4 O-O 5. g3 d5 6. cxd5 Nxd5 7. Bg2 c6 8. Nge2
Na6 9. a3 Nac7 10. Bd2 e5 11. dxe5 Bxe5 12. O-O Be6 13. e4 Nb6 14. Bh6 Re8 15.
Qc2 Qe7 16. Rad1 Bc4 17. Rfe1 Rad8 18. Be3 Ne6 19. f4 Bg7 20. e5 Nc5 21. Bxc5
Qxc5+ 22. Kh1 Bd5 23. Bxd5 Nxd5 24. Nd4 Nxc3 25. Qxc3 Qxc3 26. bxc3 Bf8 27. a4
Bc5 28. Nb3 Ba3 29. Na5 Rxd1 30. Rxd1 Re7 31. Nc4 Bc5 32. Rd8+ Kg7 33. Kg2 b5
34. axb5 cxb5 35. Rc8 bxc4 36. Rxc5 Rb7 37. Rxc4 Rb2+ 38. Kh3 Rc2 39. Ra4 Rxc3
40. Rxa7 Rc6 41. Kg2 h5 42. h3 Kf8 43. h4 Rc3 44. Rb7 Ra3 45. Kh3 Ra2 46. Rb8+
Ke7 47. Rb7+ Ke6 48. Rb6+ Ke7 49. Rb3 Rf2 50. Rb6 Ra2 1/2-1/2

[Event "Tournoi Skype 025A"]
[Site "Skype"]
[Date "????.??.??"]
[Round "4.5"]
[White "Siret, Bernard"]
[Black "Altinok, Selim"]
[Result "1-0"]
[WhiteElo "2073"]
[BlackElo "1833"]
[PlyCount "83"]

1. e4 d6 2. d4 Nf6 3. Nc3 c6 4. f3 Qc7 5. Bd3 e5 6. Nge2 b5 7. a3 a6 8. g4 Nbd7
9. Be3 c5 10. dxe5 dxe5 11. Ng3 Nb6 12. h4 h5 13. g5 Nfd7 14. Be2 Bb7 15. Kf2
Rd8 16. Qg1 c4 17. Rd1 Bc5 18. Kg2 g6 19. a4 Bxe3 20. Qxe3 b4 21. a5 Nc8 22.
Nd5 Bxd5 23. exd5 Nd6 24. f4 O-O 25. fxe5 Nf5 26. Nxf5 gxf5 27. e6 Ne5 28. d6
Qc6+ 29. Kf2 Nd3+ 30. cxd3 cxd3 31. e7 dxe2 32. exf8=Q+ Rxf8 33. Qxe2 Qc5+ 34.
Qe3 Qxa5 35. Qd4 Rd8 36. g6 fxg6 37. Qf6 Kh7 38. Qf7+ Kh6 39. Rhg1 Qc5+ 40. Kf3
Qc6+ 41. Rd5 Rxd6 42. Qf8+ 1-0

[Event "Tournoi Skype 025A"]
[Site "Skype"]
[Date "????.??.??"]
[Round "4.6"]
[White "Ibarra Cantu, Raul Alberto"]
[Black "Engstrom, Olle"]
[Result "1-0"]
[WhiteElo "1972"]
[BlackElo "1649"]
[PlyCount "57"]

1. e4 c5 2. Nf3 e6 3. d4 cxd4 4. Nxd4 Nf6 5. Bd3 Qb6 6. Nb3 Nc6 7. Be3 Qc7 8.
O-O d6 9. Nc3 a6 10. Nd4 Nxd4 11. Bxd4 e5 12. Be3 Be7 13. Qe2 Be6 14. Bg5 Rc8
15. Nd1 O-O 16. Ne3 h6 17. Bxf6 Bxf6 18. c4 Qb6 19. b3 Bg5 20. Rfe1 Bxe3 21.
Qxe3 Qxe3 22. Rxe3 f5 23. exf5 Bxf5 24. Bxf5 Rxf5 25. Rd1 Rd8 26. Red3 Kf7 27.
Rxd6 Rxd6 28. Rxd6 Ke7 29. Rb6 1-0

[Event "Tournoi Skype 025A"]
[Site "Skype"]
[Date "????.??.??"]
[Round "4.7"]
[White "Diaz, Jose Garcia"]
[Black "Vello, Pablo"]
[Result "1-0"]
[WhiteElo "1880"]
[BlackElo "1607"]
[PlyCount "31"]

1. e4 e6 2. Nf3 d5 3. exd5 exd5 4. d4 Nf6 5. Be2 Be7 6. O-O Bg4 7. h3 Bxf3 8.
Bxf3 Nc6 9. Re1 Qd7 10. Bg5 O-O-O 11. c3 h6 12. Bh4 g5 13. Bg3 Bd6 14. Be5 Bxe5
15. dxe5 Ne4 16. Bg4 1-0

[Event "Tournoi Skype 025A"]
[Site "Skype"]
[Date "????.??.??"]
[Round "4.8"]
[White "Vasquez, Oscar"]
[Black "Rico Hernandez, Edgar"]
[Result "0-1"]
[WhiteElo "1646"]
[BlackElo "1871"]
[PlyCount "96"]

1. c4 Nf6 2. Nf3 e6 3. Nc3 d5 4. cxd5 exd5 5. d3 c6 6. Bd2 Bd6 7. g3 O-O 8. Bg2
Bg4 9. O-O Re8 10. Re1 Nbd7 11. Rc1 Rc8 12. a3 a6 13. Qb3 Nc5 14. Qc2 h6 15. b4
Ncd7 16. Nd1 c5 17. Qb2 cxb4 18. axb4 Qe7 19. Ne3 Be6 20. Nd4 Be5 21. Bc3 Nb8
22. f4 Bd6 23. Ndf5 Bxf5 24. Nxf5 Qe6 25. Nxh6+ Kh7 26. Bxf6 gxf6 27. e4 Kxh6
28. f5 Qe7 29. Qd2+ Kg7 30. Rb1 Qd7 31. Qf2 a5 32. Qf3 Bxb4 33. Qg4+ Kf8 34.
Re2 Re5 35. d4 Ree8 36. h4 dxe4 37. Rxe4 Rxe4 38. Qxe4 Re8 39. Qg4 Nc6 40. Bxc6
Qxc6 41. h5 Qe4 42. Qxe4 Rxe4 43. Rd1 Rxd4 44. Rxd4 Bc5 45. h6 Bxd4+ 46. Kf1
Kg8 47. Ke2 a4 48. Kd3 a3 0-1

[Event "Tournoi Skype 025A"]
[Site "Skype"]
[Date "????.??.??"]
[Round "4.9"]
[White "Altinok, Kerim"]
[Black "Khunte, Aniruddha"]
[Result "0-1"]
[WhiteElo "1865"]
[BlackElo "1598"]
[PlyCount "138"]

1. d4 Nf6 2. Nf3 e6 3. c4 b6 4. g3 Bb7 5. Bg2 Bb4+ 6. Nbd2 O-O 7. O-O Be7 8. b3
d6 9. Bb2 Nbd7 10. Qc2 h6 11. e4 Re8 12. Rfe1 e5 13. dxe5 dxe5 14. Nxe5 Nxe5
15. Bxe5 Bb4 16. Bc3 Bxc3 17. Qxc3 c5 18. Rad1 Qc7 19. f4 Rad8 20. e5 Bxg2 21.
Kxg2 Qc6+ 22. Qf3 Qxf3+ 23. Kxf3 Nh7 24. Ne4 f6 25. Nd6 Re6 26. Ke4 fxe5 27.
fxe5 Ng5+ 28. Kd5 Re7 29. e6 Nf3 30. Re4 Nd4 31. Rdxd4 cxd4 32. Rxd4 Kh7 33. b4
Rf8 34. Rf4 Rxf4 35. gxf4 Kg6 36. c5 bxc5 37. bxc5 Kf6 38. c6 g5 39. fxg5+ hxg5
40. Ne4+ Kf5 41. Kd6 Rxe6+ 42. Kd7 Rxe4 43. c7 Rc4 44. a4 a5 45. c8=Q Rxc8 46.
Kxc8 Kg4 47. Kb7 Kh3 48. Kb6 Kxh2 49. Kxa5 g4 50. Kb6 g3 51. a5 g2 52. a6 g1=Q+
53. Kb7 Qb1+ 54. Ka8 Qe4+ 55. Kb8 Qb4+ 56. Ka8 Qf8+ 57. Kb7 Qe7+ 58. Kb8 Qd8+
59. Kb7 Qd7+ 60. Kb8 Qd6+ 61. Kb7 Qd7+ 62. Kb8 Qb5+ 63. Ka7 Qc6 64. Kb8 Qxa6
65. Kc7 Kg3 66. Kd7 Kf4 67. Ke7 Ke5 68. Kd7 Qd6+ 69. Kc8 Ke6 0-1

[Event "Tournoi Skype 025A"]
[Site "Skype"]
[Date "????.??.??"]
[Round "4.10"]
[White "Aravena, Alvaro"]
[Black "Ortega, Elvis"]
[Result "0-1"]
[WhiteElo "1643"]
[BlackElo "1838"]
[PlyCount "96"]

1. d4 Nf6 2. Nf3 g6 3. e3 Bg7 4. Bd3 O-O 5. O-O d6 6. b3 Nc6 7. a3 e5 8. d5
Nxd5 9. Bb2 Nde7 10. Nbd2 f5 11. e4 fxe4 12. Nxe4 d5 13. Ng3 e4 14. Bxg7 Kxg7
15. Ne1 exd3 16. Qxd3 Nf5 17. Ne2 Qd6 18. Nf3 Be6 19. Rad1 Rad8 20. Rfe1 h6 21.
Ned4 Nfxd4 22. Nxd4 Rf6 23. Nb5 Qd7 24. Re2 Bf5 25. Qc3 d4 26. Qg3 a6 27. Nxc7
Rc8 28. Nxa6 bxa6 29. Rde1 Re6 30. Rxe6 Bxe6 31. Rd1 Bf5 32. Rd2 Re8 33. h4
Re1+ 34. Kh2 Qe7 35. h5 Qe5 36. Qxe5+ Rxe5 37. hxg6 Kxg6 38. f3 Kf6 39. Kg3 Re1
40. c4 dxc3 41. Rd6+ Re6 42. Rd1 c2 43. Rc1 Re2 44. b4 Rd2 45. Kf4 Rd1 46. Rxc2
Bxc2 47. g4 Re1 48. g5+ hxg5+ 0-1

[Event "Tournoi Skype 025A"]
[Site "Skype"]
[Date "????.??.??"]
[Round "4.11"]
[White "Montalvo, Mario"]
[Black "Segura Lozano, Marcos Antonio"]
[Result "0-1"]
[WhiteElo "1488"]
[BlackElo "1828"]
[PlyCount "60"]

1. c4 Nf6 2. g3 g6 3. Bg2 Bg7 4. Nc3 c6 5. e4 d6 6. Nge2 Nbd7 7. O-O e5 8. d3
O-O 9. f4 Qb6+ 10. Kh1 Ng4 11. d4 exd4 12. Nxd4 Qxd4 13. Qxg4 Ne5 14. Qd1 Ng4
15. Qe2 Be6 16. h3 Nf6 17. Be3 Qxc4 18. Qf2 b6 19. Rac1 Qa6 20. Rfd1 Rfd8 21.
f5 Bc8 22. e5 Nd5 23. Nxd5 cxd5 24. fxg6 Be6 25. gxf7+ Kf8 26. Bg5 Rd7 27. exd6
Qb7 28. Be7+ Rxe7 29. dxe7+ Qxe7 30. Bxd5 Bxd5+ 0-1

[Event "Tournoi Skype 025A"]
[Site "Skype"]
[Date "????.??.??"]
[Round "4.12"]
[White "Calderon, Francisco"]
[Black "Karia, Vijay"]
[Result "0-1"]
[WhiteElo "1516"]
[BlackElo "1803"]
[PlyCount "77"]

1. e4 d5 2. exd5 Qxd5 3. Nf3 Bg4 4. Be2 Nc6 5. Nc3 Qd7 6. h3 Bh5 7. d4 O-O-O 8.
Be3 Bxf3 9. Bxf3 Nxd4 10. Bxd4 Qxd4 11. Qe2 Qb4 12. Rb1 Nf6 13. a3 Qa5 14. O-O
e6 15. b4 Qb6 16. Na4 Qd6 17. Nc5 Nd5 18. Rbd1 Nc3 19. Bxb7+ Kb8 20. Qf3 Nd5
21. c4 Qb6 22. cxd5 exd5 23. Rxd5 Bxc5 24. Rxd8+ Rxd8 25. bxc5 Qxb7 26. Rb1
Qxb1+ 27. Kh2 Qg6 28. Qb3+ Kc8 29. Qc4 Qe6 30. Qc2 h6 31. g3 Rd5 32. Qc4 Qc6
33. Qg4+ f5 34. Qxg7 Qxc5 35. Qh8+ Kb7 36. Qb2+ Qb6 37. Qa2 Rb5 38. a4 Ra5 39.
Qc2 0-1

[Event "Tournoi Skype 025A"]
[Site "Skype"]
[Date "????.??.??"]
[Round "4.13"]
[White "Navghane, Rahul"]
[Black "Murgia, Stefano"]
[Result "0-1"]
[WhiteElo "1480"]
[BlackElo "1796"]
[PlyCount "50"]

1. e4 e5 2. d4 exd4 3. Nf3 Nc6 4. Nxd4 Nf6 5. Nxc6 bxc6 6. e5 Nd5 7. Nd2 Bc5 8.
c4 Ne7 9. a3 a5 10. Ne4 Ba7 11. Bd2 O-O 12. Qc2 Nf5 13. Bd3 Nd4 14. Qb1 h6 15.
Bc3 d5 16. exd6 cxd6 17. O-O f5 18. Ng3 f4 19. Ne4 Qh4 20. Bxd4 Bxd4 21. Qc2
Rf5 22. Rad1 Rh5 23. h3 Bxh3 24. g3 fxg3 25. Be2 Bg4 0-1

[Event "Tournoi Skype 025A"]
[Site "Skype"]
[Date "????.??.??"]
[Round "4.14"]
[White "Carballo, Jorge"]
[Black "Saponara, Jose Maria"]
[Result "0-1"]
[WhiteElo "1426"]
[BlackElo "1774"]
[PlyCount "84"]

1. d4 Nf6 2. Nf3 e6 3. Bf4 d5 4. e3 Bd6 5. Ne5 Nbd7 6. Nd2 Nf8 7. Ndf3 h6 8. h4
Ng6 9. Nxg6 fxg6 10. Ne5 Bxe5 11. dxe5 Nd7 12. Bd3 Nf8 13. c3 Qe7 14. Qc2 Qf7
15. Rh3 Bd7 16. Rg3 O-O-O 17. Bxg6 Nxg6 18. Qxg6 Qxg6 19. Rxg6 Rhg8 20. O-O-O
Rdf8 21. Rh1 Rf5 22. Rh3 Be8 23. Rgg3 g5 24. hxg5 hxg5 25. Rg4 b6 26. Rhg3 gxf4
27. Rxg8 fxg3 28. Rxg3 Rxf2 29. Rg8 Kd7 30. Rg7+ Rf7 31. Rxf7+ Bxf7 32. Kd2 Kc6
33. Kd3 Kb5 34. b3 c5 35. a4+ Kc6 36. g4 Bg6+ 37. Kd2 a5 38. g5 Kd7 39. Kc1 Ke7
40. Kb2 Kf7 41. Ka3 Bd3 42. b4 Kg6 0-1

[Event "Tournoi Skype 025A"]
[Site "Skype"]
[Date "????.??.??"]
[Round "4.16"]
[White "Khabou, Taha"]
[Black "Lambert, Pierre"]
[Result "0-1"]
[WhiteElo "1394"]
[BlackElo "1921"]
[PlyCount "72"]

1. d4 Nf6 2. Bf4 g6 3. e3 Bg7 4. Nc3 d6 5. Bd3 O-O 6. h4 h5 7. Nf3 c6 8. Ng5
Nbd7 9. Bxg6 fxg6 10. Ne6 Qa5 11. Nxf8 Nxf8 12. Qd2 b5 13. Ne4 Qxd2+ 14. Nxd2
Bf5 15. O-O-O Rc8 16. f3 Nd5 17. Bg5 Nf6 18. e4 Bd7 19. Nf1 Ne6 20. e5 Nxg5 21.
hxg5 Nd5 22. Re1 Bf5 23. Ne3 Nxe3 24. Rxe3 c5 25. exd6 exd6 26. d5 Be5 27. Rh4
Bg3 28. Rhe4 Bxe4 29. Rxe4 Kf7 30. Kd2 Re8 31. Kd3 Re5 32. Rxe5 Bxe5 33. c3 Bf4
34. b4 c4+ 35. Kd4 Bxg5 36. g3 Bf6+ 0-1

[Event "Tournoi Skype 025A"]
[Site "Skype"]
[Date "????.??.??"]
[Round "4.17"]
[White "Yardimci, Ertan"]
[Black "Ricieri, Vinicius"]
[Result "0-1"]
[WhiteElo "1577"]
[BlackElo "1921"]
[PlyCount "76"]

1. d4 Nf6 2. c4 g6 3. Nc3 Bg7 4. Nf3 O-O 5. Bg5 d6 6. e4 Nbd7 7. Bd3 e5 8. d5
Nc5 9. Bc2 a5 10. O-O Bg4 11. Be3 b6 12. Rb1 Nh5 13. h3 Bd7 14. a4 Nf4 15. Ne2
Nxe2+ 16. Qxe2 Nxa4 17. Qd2 f5 18. exf5 gxf5 19. Bh6 f4 20. Bxg7 Kxg7 21. Qd3
Bf5 22. Qd1 Bxc2 23. Qxc2 Nc5 24. Nd2 Rf6 25. Ne4 Nxe4 26. Qxe4 Rg6 27. Kh1 Qg5
28. Rg1 Rg8 29. Qf3 Kh8 30. Rbc1 h5 31. Rc3 Qf5 32. Kh2 e4 33. Qd1 Qe5 34. f3
exf3 35. Qxf3 Rg3 36. Qd1 f3 37. Qf1 Rxg2+ 38. Kh1 Qh2# 0-1

[Event "Tournoi Skype 025A"]
[Site "Skype"]
[Date "????.??.??"]
[Round "4.18"]
[White "Calcino, Luis"]
[Black "Bautista, Leidy"]
[Result "1/2-1/2"]
[WhiteElo "1707"]
[BlackElo "1624"]
[PlyCount "98"]

1. e4 c5 2. Nf3 d6 3. b4 Nf6 4. bxc5 Nxe4 5. cxd6 Qxd6 6. Ba3 Qb6 7. Qe2 Nf6 8.
Nc3 Nc6 9. Qb5 Qc7 10. Be2 a6 11. Qb2 g6 12. Rb1 Qd8 13. O-O Bg7 14. Qb6 O-O
15. Rfe1 Re8 16. Bf1 Nd7 17. Qxd8 Rxd8 18. Bxe7 Nxe7 19. Rxe7 Bf6 20. Re3 b5
21. Ne4 Bg7 22. Nd6 Nb6 23. Rd3 Be6 24. Nb7 Rxd3 25. Bxd3 Bd5 26. Na5 Bxa2 27.
Re1 Bd5 28. Be4 Rc8 29. c3 Kf8 30. Kf1 Re8 31. Bxd5 Rxe1+ 32. Nxe1 Nxd5 33. Nc2
Ke8 34. Nc6 Bf8 35. g3 Bd6 36. Ke2 Kd7 37. N6b4 Nxb4 38. Nxb4 Bxb4 39. cxb4 Kd6
40. Kd3 Kd5 41. h3 h5 42. f3 f6 43. Kc3 g5 44. Kd3 f5 45. Kc3 Ke5 46. Kd3 h4
47. gxh4 gxh4 48. Ke3 f4+ 49. Kd3 Kd5 1/2-1/2

[Event "Tournoi Skype 025A"]
[Site "Skype"]
[Date "????.??.??"]
[Round "4.19"]
[White "Lovell, Stan"]
[Black "Leyton Calderon, Jairo Oswaldo"]
[Result "0-1"]
[WhiteElo "1672"]
[BlackElo "1624"]
[PlyCount "86"]

1. e4 c5 2. Nc3 Nc6 3. f4 e6 4. Nf3 d5 5. Bb5 Nge7 6. d3 a6 7. Bxc6+ Nxc6 8.
O-O Be7 9. a3 O-O 10. Qe1 dxe4 11. Nxe4 Nd4 12. Qf2 Nxf3+ 13. Qxf3 Ra7 14. Kh1
b6 15. Bd2 Rd7 16. Bc3 Bb7 17. Qg3 f6 18. Rae1 Qe8 19. Re3 Rd5 20. Nf2 Qf7 21.
Rfe1 Bc8 22. Ng4 Kh8 23. R3e2 Bd6 24. Ne3 Rh5 25. Nc4 Bc7 26. Ne3 Rh6 27. Qf3
Bd6 28. Nc4 Bc7 29. Bd2 Qh5 30. Qxh5 Rxh5 31. Rf1 Kg8 32. h3 Kf7 33. Ne3 Bb7
34. Kg1 Re8 35. Ng4 Rd5 36. Ne3 Rdd8 37. Nc4 Bc6 38. Be3 Rd5 39. Nd2 e5 40.
Ref2 Re6 41. fxe5 Bxe5 42. Nc4 Be8 43. Nxb6 Rxb6 0-1

[Event "Tournoi Skype 025A"]
[Site "Skype"]
[Date "????.??.??"]
[Round "4.20"]
[White "Mishra, Sourabh"]
[Black "Le Brun, Yves"]
[Result "0-1"]
[WhiteElo "1633"]
[BlackElo "1546"]
[PlyCount "64"]

1. e4 Nf6 2. Nc3 g6 3. Nf3 d6 4. Bc4 Bg7 5. Ng5 O-O 6. O-O h6 7. Nf3 Nbd7 8. d3
Nb6 9. Bb3 Bd7 10. Nh4 Kh7 11. f4 Ng8 12. f5 e6 13. fxg6+ fxg6 14. Nf3 Qe7 15.
Be3 c5 16. d4 c4 17. d5 cxb3 18. cxb3 exd5 19. Nxd5 Nxd5 20. Qxd5 Bc6 21. Qd2
Bxe4 22. Rae1 Nf6 23. Bf4 d5 24. Nd4 Nh5 25. Be3 Rac8 26. a3 Bxd4 27. Qxd4 Rc2
28. Bd2 Rxf1+ 29. Rxf1 b6 30. Bc3 Rxg2+ 31. Kh1 Rd2+ 32. Qxe4 Qxe4+ 0-1

[Event "Tournoi Skype 025A"]
[Site "Skype"]
[Date "????.??.??"]
[Round "4.21"]
[White "Legueltel, Daniel"]
[Black "Khetre, Gaurav"]
[Result "0-1"]
[WhiteElo "1528"]
[BlackElo "1677"]
[PlyCount "48"]

1. e4 e6 2. d4 d5 3. Nd2 c5 4. c3 Nc6 5. exd5 exd5 6. Ndf3 Bg4 7. Bb5 Bd6 8. h3
Bh5 9. Be3 Qb6 10. Qb3 Nge7 11. Bxc6+ bxc6 12. Qxb6 axb6 13. g4 Bg6 14. h4 f6
15. Ne2 Be4 16. Rh3 h5 17. g5 Bf5 18. Rh1 Be4 19. Rh3 Nf5 20. Bf4 Be7 21. a3
Bxf3 22. Rxf3 Nxh4 23. Rg3 fxg5 24. Bxg5 Bxg5 0-1